000
00277nam a22001217a 4500
008
260417b ||||| |||| 00| 0 eng d
041
_a
eng - alb
080
_a
821.1
100
_a
20
101
_a
Ngjarje
245
_a
Selia e Shejtë dhe Kriza në Kosovë
942
_2
udc
_c
BK
999
_c
60979
_d
60979